000 01504nam a22002417a 4500
003 OSt
005 20260512124802.0
008 260512b |||||||| |||| 00| 0 eng d
020 _a9780857024855
040 _aKenya National Library Service
082 _a306.01 WAL
100 _aWalton, David
_eAuthor
245 _aDoing cultural theory /
_cDavid Walton.
300 _axvi, 334 pages
_billustrations ;
_c24 cm.
504 _aIncludes bibliographical references and index.
520 _a"Doing Cultural Theory is a textbook and a toolkit that teaches the basics of cultural theory, unpacks its complexities with real-life examples, and shows readers how to link theory and practice. Offers accessible introductions to how cultural studies has engaged with key theories in structuralism, poststructuralism and postmodernism. Teaches straightforward ways of practicing these theories so students learn to think for themselves. Uses 'Practice' boxes to show students how to apply cultural theory in the real world. Guides students through the literature with carefully selected further reading recommendations Other textbooks only show how others have analyzed and interpreted the world. Doing Cultural Theory takes it a step further and teaches students step-by-step how to do cultural theory for themselves."
650 _aCulture.
650 _aCulture and institutions.
650 _aSociology .
942 _2ddc
_cBK
_n0
999 _c492714
_d492714